Normal view MARC view

Entry Nombre personal

Number of records used in: 1

001 - NÚMERO DE CONTROL

  • campo de control: 235029

003 - IDENTIFICADOR DE NÚMERO DE CONTROL

  • campo de control: SpMaBN

005 - FECHA Y HORA DE LA ÚLTIMA TRANSACCIÓN

  • campo de control: 20240209205257.0

008 - ELEMENTOS DE DATO DE LONGITUD-FIJA

  • campo de control de longitud fija: 100720n azznnaabn a aaa ##

024 7# - IDENTIFICADOR DE OTROS ESTÁNDARES

  • Número estándar o código: http://viaf.org/viaf/149571921/
  • Fuente: viaf

040 ## - FUENTE DE CATALOGACIÓN

  • Centro catalogador/agencia de origen: SpMaBN
  • Lengua de catalogación: spa
  • Centro/agencia transcriptor: SpMaBN
  • Normas de descripción: rdc
  • Convención/Normas de encabezamiento de materia/tesauro: embne

100 1# - ENCABEZAMIENTO-NOMBRE DE PERSONA

  • Nombre de persona: Cifuentes, R.

410 1# - TRAZADO DE VÉASE--NOMBRE DE ENTIDAD CORPORATIVA

  • Nombre de entidad corporativa o nombre de jurisdicción como elemento de entrada: Cifuentes, Ramón

670 ## - FUENTE DE DATOS ENCONTRADOS

  • Cita de la fuente: [D. Alfonso XIII, sobre el estribo de una de las rotativas acompañado del Sr. Luca de Tena] (fotografía)

670 ## - FUENTE DE DATOS ENCONTRADOS

  • Cita de la fuente: Olmos, V. Historia del ABC, 2002
  • Información encontrada: p.104(De la visita de Alfonso XIII que duró hora y media, el diario ABC publica, al día siguiente, una fotografía que ha hecho historia, obra de Ramón Cifuentes)

670 ## - FUENTE DE DATOS ENCONTRADOS

  • Cita de la fuente: ABC, 1903-
  • Información encontrada: año IV, n.1260 (17 nov. 1908), portada (D. Alfonso XIII, sobre el estribo de uno de nuestras rotativas, presenciando la tirada de las ediciones de provincias, acompañado de nuestro director, Sr. Luca de Tena Fot. R. Cifuentes)